[Event "EGY-ch Masters"]
[Site "Cairo"]
[Date "2009.11.23"]
[Round "8.1"]
[White "Mansour, Salah"]
[Black "Abo Nar, Mohamed"]
[Result "1-0"]
[WhiteElo "2156"]
[BlackElo "2176"]
[PlyCount "93"]
[EventDate "2009.11.15"]
[EventType "swiss"]
[EventRounds "8"]
[EventCountry "EGY"]
[SourceTitle "EXT 2024"]
[Source "ChessBase"]
[SourceDate "2023.10.10"]
[SourceVersion "1"]
[SourceVersionDate "2023.10.10"]
[SourceQuality "1"]

1. d4 Nf6 2. c4 d6 3. Nc3 Nbd7 4. e3 e5 5. Bd3 g6 6. f4 Bg7 7. Nf3 0-0 8. 0-0 exf4 9. exf4 c5 10. d5 a6 11. a4 Re8 12. Qc2 Ng4 13. Nd1 Bd4+ 14. Nxd4 cxd4 15. h3 Ne3 16. Nxe3 dxe3 17. Re1 e2 18. Rxe2 Rxe2 19. Qxe2 Nc5 20. Be3 Bd7 21. Bc2 Qe8 22. a5 Rc8 23. b4 Ne4 24. Re1 Ng3 25. Qf3 Nf5 26. Bf2 Qd8 27. Bd3 Qf6 28. Kh2 Re8 29. Rxe8+ Bxe8 30. Qe4 Bd7 31. b5 axb5 32. cxb5 Qb2 33. Qe2 Qb4 34. a6 bxa6 35. bxa6 Qxf4+ 36. g3 Qa4 37. a7 Qa5 38. Qb2 Qxd5 39. Qb8+ Kg7 40. a8Q Bc6 41. Qf8+ Kf6 42. Qad8+ Ke6 43. Bxf5+ Kxf5 44. Qc8+ Ke4 45. Qg4+ Kd3 46. Qd1+ Kc4 47. Qxd5+ 1-0

[Event "Sohag op"]
[Site "Sohag"]
[Date "2009.03.08"]
[Round "7"]
[White "Abo Nar, Mohamed"]
[Black "Ezat, Abdallah"]
[Result "1/2-1/2"]
[WhiteElo "2138"]
[BlackElo "2287"]
[PlyCount "46"]
[EventDate "2009.03.02"]
[EventType "swiss"]
[EventRounds "9"]
[EventCountry "EGY"]
[SourceTitle "CBM 129 Extra"]
[Source "ChessBase"]
[SourceDate "2009.05.05"]
[SourceVersion "2"]
[SourceVersionDate "2009.05.20"]
[SourceQuality "1"]

1. e4 c5 2. Nf3 Nc6 3. c3 d5 4. exd5 Qxd5 5. d4 Bg4 6. Be2 Nf6 7. 0-0 e6 8. Be3 cxd4 9. Nxd4 Bxe2 10. Qxe2 Nxd4 11. Bxd4 Be7 12. Bxf6 Bxf6 13. Rd1 Qc6 14. Nd2 0-0 15. Ne4 Rad8 16. h4 h6 17. Nd2 Rd5 18. Nf3 Rfd8 19. Rxd5 Qxd5 20. c4 Qd6 21. Rc1 b6 22. Rc2 Qb4 23. b3 Qc5 1/2-1/2

[Event "Sohag op"]
[Site "Sohag"]
[Date "2009.03.02"]
[Round "2"]
[White "Mahrous, Selim"]
[Black "Abo Nar, Mohamed"]
[Result "0-1"]
[WhiteElo "2008"]
[BlackElo "2138"]
[PlyCount "41"]
[EventDate "2009.03.02"]
[EventType "swiss"]
[EventRounds "9"]
[EventCountry "EGY"]
[SourceTitle "CBM 129 Extra"]
[Source "ChessBase"]
[SourceDate "2009.05.05"]
[SourceVersion "2"]
[SourceVersionDate "2009.05.20"]
[SourceQuality "1"]

1. e4 c5 2. Nf3 a6 3. d4 cxd4 4. Nxd4 Nf6 5. Nc3 e5 6. Nf3 Bb4 7. Bd3 d5 8. Nxe5 Qc7 9. f4 dxe4 10. Bc4 0-0 11. 0-0 Nbd7 12. Nxd7 Bxd7 13. Bb3 Bxc3 14. bxc3 Qxc3 15. Bd2 Qd4+ 16. Rf2 e3 17. Bxe3 Qxe3 18. c4 Ne4 19. Qe2 Qxf2+ 20. Qxf2 Nxf2 21. Kxf2 0-1

[Event "Cairo op-B"]
[Site "Cairo"]
[Date "2000.??.??"]
[Round "7"]
[White "Farahat, Ali"]
[Black "Abo Nar, Mohamed"]
[Result "1/2-1/2"]
[WhiteElo "2243"]
[BlackElo "2218"]
[PlyCount "53"]
[EventDate "2000.??.??"]
[EventType "swiss"]
[EventRounds "9"]
[EventCountry "EGY"]
[SourceTitle "EXT 2001"]
[Source "ChessBase"]
[SourceDate "2000.11.22"]
[SourceVersion "1"]
[SourceVersionDate "2000.11.22"]
[SourceQuality "1"]

1. Nf3 d5 2. d4 Nf6 3. c4 e6 4. Nc3 a6 5. cxd5 exd5 6. Bg5 c6 7. Qc2 Be7 8. e3 Nbd7 9. Bd3 Nf8 10. h3 Ne6 11. Bh4 g6 12. g4 Ng7 13. 0-0-0 b5 14. Kb1 Bb7 15. Bg3 Qa5 16. Nd2 Rc8 17. f4 c5 18. dxc5 Bxc5 19. Nb3 Qb6 20. Nxc5 Rxc5 21. Qe2 0-0 22. f5 Re8 23. Rhf1 Rcc8 24. Qf2 g5 25. Rfe1 Bc6 26. a3 a5 27. e4 1/2-1/2

[Event "Tanta op 1st"]
[Site "Tanta"]
[Date "1997.??.??"]
[Round "9"]
[White "Abo Nar, Mohamed"]
[Black "Fouad, Hadi"]
[Result "1-0"]
[WhiteElo "2095"]
[BlackElo "2190"]
[PlyCount "71"]
[EventDate "1997.??.??"]
[EventType "swiss"]
[EventRounds "10"]
[EventCountry "EGY"]
[SourceTitle "EXT 1998"]
[Source "ChessBase"]
[SourceDate "1997.11.17"]
[SourceVersion "1"]
[SourceVersionDate "1997.11.17"]
[SourceQuality "1"]

1. e4 c5 2. Nf3 d6 3. Bb5+ Bd7 4. Bxd7+ Qxd7 5. 0-0 Nc6 6. b3 Nf6 7. Re1 g6 8. Bb2 Bg7 9. c3 Qg4 10. h3 Qf4 11. Qe2 Ne5 12. Nxe5 dxe5 13. Qb5+ Nd7 14. Qxb7 Rd8 15. Qxa7 0-0 16. Qa6 f5 17. exf5 Qxf5 18. Qe2 e4 19. Na3 Ne5 20. Nc4 Nd3 21. Rf1 h5 22. f3 Nf4 23. Qf2 exf3 24. Qxf3 Rd3 25. Ne3 Qg5 26. Rad1 e5 27. Kh1 Kh7 28. Qe4 Rfd8 29. a4 Qg3 30. Qf3 Qg5 31. a5 Nd5 32. Rde1 Nf6 33. Rc1 Rf8 34. a6 Nd7 35. Qe4 Rxf1+ 36. Rxf1 1-0

[Event "Cairo op-C"]
[Site "Cairo"]
[Date "1997.??.??"]
[Round "?"]
[White "Abo Nar, Mohamed"]
[Black "Tissir, Mohamed"]
[Result "0-1"]
[WhiteElo "2095"]
[BlackElo "2365"]
[PlyCount "88"]
[EventDate "1997.??.??"]
[EventType "swiss"]
[EventRounds "9"]
[EventCountry "EGY"]
[SourceTitle "EXT 2000"]
[Source "ChessBase"]
[SourceDate "1999.11.16"]
[SourceVersion "1"]
[SourceVersionDate "1999.11.16"]
[SourceQuality "1"]

1. e4 c5 2. Nf3 d6 3. c3 Nf6 4. h3 Nc6 5. Bd3 d5 6. e5 Nd7 7. Bb5 e6 8. d4 a6 9. Be2 cxd4 10. cxd4 f6 11. exf6 Nxf6 12. 0-0 Bd6 13. Bg5 0-0 14. Nc3 h6 15. Bh4 Qc7 16. Bxf6 Rxf6 17. a3 b5 18. Rc1 Qb6 19. b4 Bd7 20. Ne5 Be8 21. Nxc6 Bxc6 22. Bg4 Re8 23. Rc2 Bb8 24. Re1 Qc7 25. g3 Qb6 26. Re3 e5 27. dxe5 Rxf2 28. Kxf2 d4 29. Qe2 dxe3+ 30. Qxe3 Qb7 31. Kf1 Rxe5 32. Qd4 Qe7 33. Re2 Rxe2 34. Nxe2 Ba7 35. Qc3 Qe4 36. Ke1 Be3 37. Kd1 Qh1+ 38. Qe1 Qd5+ 39. Kc2 Qe4+ 40. Kb2 Bd4+ 41. Kc1 Bd5 42. Qf1 Qe3+ 43. Kc2 Qb3+ 44. Kd2 Be3+ 0-1

[Event "Tanta op 1st"]
[Site "Tanta"]
[Date "1997.??.??"]
[Round "5"]
[White "Abo Nar, Mohamed"]
[Black "Yasseen, Aly"]
[Result "0-1"]
[WhiteElo "2095"]
[BlackElo "2370"]
[PlyCount "90"]
[EventDate "1997.??.??"]
[EventType "swiss"]
[EventRounds "10"]
[EventCountry "EGY"]
[SourceTitle "EXT 1998"]
[Source "ChessBase"]
[SourceDate "1997.11.17"]
[SourceVersion "1"]
[SourceVersionDate "1997.11.17"]
[SourceQuality "1"]

1. e4 c5 2. Nf3 Nc6 3. Bb5 Qb6 4. Nc3 e6 5. Bxc6 Qxc6 6. d4 cxd4 7. Nxd4 Qc7 8. 0-0 a6 9. Kh1 d6 10. a4 Nf6 11. f4 Be7 12. f5 0-0 13. a5 Bd7 14. Be3 Rac8 15. g4 e5 16. Nb3 Bc6 17. Nd2 d5 18. Bb6 Qd6 19. g5 Nxe4 20. Ndxe4 dxe4 21. f6 Qxd1 22. Raxd1 Bd8 23. Kg1 Bxb6+ 24. axb6 Rcd8 25. Rxd8 Rxd8 26. Rd1 Rd4 27. Kf2 h6 28. Rxd4 exd4 29. Ne2 d3 30. cxd3 exd3 31. Nd4 Bb5 32. Ke3 hxg5 33. fxg7 Kxg7 34. Nf5+ Kg6 35. Nd6 Bc6 36. Kxd3 f5 37. Ke3 Kf6 38. Nc4 Ke6 39. Nd2 Kd6 40. b3 Kc5 41. Nc4 Bd5 42. Ne5 Bxb3 43. Nf3 a5 44. Nxg5 a4 45. Ne4+ Kb4 0-1